000 01172cam a2200193 4500
001 LT123610
008 030916n2002 000 0 eng u
035 _a(Sirsi) u123610
245 _aMargaret Margarita Argyropoulou v Salford City Council
_h[electronic resource]
260 _c2002
520 _aACQ/189/2000, 5 February 2002. Reference by the acquiring authority (S) to determine amount of compensation payable to A, the freehold owner of property compulsorily acquired by S. A lived abroad and had not responded to notice of treat. The property had been unoccupied since 1995 and was boarded up and in poor condition of repair. Comparable evidence of prices paid for similar properties in the compulsory purchase order discussed. Held that £7 000 compensation should be paid for the freehold interest.
650 _aARGYROPOULOU V SALFORD CITY COUNCIL
650 _aCOMPENSATION
650 _aFREEHOLD INTEREST
650 _aCOMPARABLES
690 _aENVIRONMENTAL AND LAND CONSULTANCY-PLANNING AND DEVELOPMENT-COMPULSORY PURCHASE AND COMPENSATION
856 _uhttps://www.lawindexpro.co.uk/llLT.shtml
_zView decision at www.lawindexpro.co.uk
942 _n0
999 _c73407
_d73407